• 首页
  • 本馆介绍
  • 公告通知
  • 最新文献
  • 馆藏检索
  • 电子资源
  • 读者导购
  • 参考咨询
  • 我的图书馆
  • 登录
  • 详细信息显示
  • 放入我的书架
  • 预约/预借图书
  • 作者相关作品
  • 分类相关作品
  • 丛书相关作品
  • 出版社相关作品

书目信息

  • 表格格式
  • 工作单格式
  • 卡片格式
题名:
全面建设小康社会重大经济难题研究
    
 
作者: 吴振坤 , 辛守良 , 王兆铮 主编
分册:  
出版信息: 北京   中共中央党校出版社  2006
页数: 18,629页
开本: 21cm
丛书名:
单 册:
中图分类: F124.7 , F120.2
科图分类:
主题词: 小康--建设--研究--中国 , 经济--问题--研究--中国--现代 , 小康 , 经济
电子资源:
ISBN: 7-5035-3554-7
000 01185nam0 2200325 450
001 003377907
005 20070807144836.50
010    @a7-5035-3554-7@dCNY35.00
035    @a003377907
100    @a20070124d2006 em y0chiy0110 ea
101 0  @achi
102    @aCN@b110000
105    @ay z 000yy
106    @ar
200 1  @a全面建设小康社会重大经济难题研究@Aquan mian jian she xiao kang she hui zhong da jing ji nan ti yan jiu@f吴振坤,辛守良,王兆铮主编@Fwu zhen kun, xin shou liang, wang zhao zheng zhu bian
210    @a北京@c中共中央党校出版社@d2006
215    @a18,629页@d21cm
300    @a中共中央党校校级科研项目
330    @a本书介绍了全面建设小康社会的基本理论及其在现代化进程中的历史定位、坚持以科学发展观统领经济社会发展全局、我国面临实现工业化和现代化双重的艰巨任务等19个课题。
606 0  @a小康@x建设@x研究@y中国
606 0  @a经济@x问题@x研究@y中国@z现代
606 0  @a小康
606 0  @a经济
690    @aF124.7@v4
690    @aF120.2@v4
701  0 @a吴振坤@Awu zhen kun@f(1928~)@4主编
701  0 @a辛守良@Axin shou liang@f(1931.11~)@4主编
701  0 @a王兆铮@Awang zhao zheng@4主编
801  0 @aCN@bNLC@c20070807
905    @dF124.7@e111@f1
    
    全面建设小康社会重大经济难题研究/吴振坤,辛守良,王兆铮主编.-北京:中共中央党校出版社,2006
    18,629页;21cm
    中共中央党校校级科研项目
    
    ISBN 7-5035-3554-7:CNY35.00
    本书介绍了全面建设小康社会的基本理论及其在现代化进程中的历史定位、坚持以科学发展观统领经济社会发展全局、我国面临实现工业化和现代化双重的艰巨任务等19个课题。
●
相关链接 在E读中查询图书 在五车中查询图书 在当当中查询图书 在豆瓣中查询图书


正题名:全面建设小康社会重大经济难题研究     索取号:F124.7/111         预约/预借

序号 登录号 条形码 馆藏地/架位号 状态 备注
1 0853380   208533808   第一样本阅览室/ [索取号:F124.7/111] 在馆    
唐山师范学院图书馆 欢迎您!
大连网信软件有限公司© 版权所有